| 000 | 00584nam a2200181Ia 4500 | ||
|---|---|---|---|
| 008 | 100920s9999 xx 000 0 und d | ||
| 082 |
_b47191 _a24 0 |
||
| 100 | _aआष्टीकर मंदाकिनी. | ||
| 245 | _aवाट अंधारी साथ काटेरी. | ||
| 260 |
_b--- _c0 |
||
| 300 |
_a204 _bसाधी |
||
| 365 | _b27 | ||
| 520 | _aसायो. | ||
| 630 | _aवाट अंधारी साथ काटेरी. | ||
| 650 | _aसायो. | ||
| 730 | _aवाट अंधारी साथ काटेरी. | ||
| 942 | _cBOOK | ||
| 999 |
_c694674 _d694671 |
||